Construction Contracts / (Record no. 15121)
[ view plain ]
| 000 -LEADER | |
|---|---|
| fixed length control field | 01842cam a2200325 a 4500 |
| 001 - CONTROL NUMBER | |
| control field | 16218666 |
| 005 - DATE AND TIME OF LATEST TRANSACTION | |
| control field | 20110104151906.0 |
| 008 - FIXED-LENGTH DATA ELEMENTS--GENERAL INFORMATION | |
| fixed length control field | 100505s2010 nyuak 001 0 eng |
| 010 ## - LIBRARY OF CONGRESS CONTROL NUMBER | |
| LC control number | 2010018909 |
| 020 ## - INTERNATIONAL STANDARD BOOK NUMBER | |
| International Standard Book Number | 0072321725 (hbk. : alk. paper) |
| 020 ## - INTERNATIONAL STANDARD BOOK NUMBER | |
| International Standard Book Number | 9780072321722 (hbk. : alk. paper) |
| 040 ## - CATALOGING SOURCE | |
| Original cataloging agency | DLC |
| Transcribing agency | DLC |
| Modifying agency | DLC |
| 042 ## - AUTHENTICATION CODE | |
| Authentication code | pcc |
| 043 ## - GEOGRAPHIC AREA CODE | |
| Geographic area code | n-us--- |
| 050 00 - LIBRARY OF CONGRESS CALL NUMBER | |
| Classification number | KF902 |
| Item number | .H56 2010 |
| 082 00 - DEWEY DECIMAL CLASSIFICATION NUMBER | |
| Classification number | 692.8 |
| Edition number | 22 |
| Item number | HIN |
| 100 1# - MAIN ENTRY--PERSONAL NAME | |
| Personal name | Hinze, Jimmie. |
| 9 (RLIN) | 23100 |
| 245 10 - TITLE STATEMENT | |
| Title | Construction Contracts / |
| Statement of responsibility, etc | Jimmie Hinze. |
| 250 ## - EDITION STATEMENT | |
| Edition statement | 2nd ed. |
| 260 ## - PUBLICATION, DISTRIBUTION, ETC. (IMPRINT) | |
| Place of publication, distribution, etc | New York : |
| Name of publisher, distributor, etc | McGraw-Hill, 2001 |
| Date of publication, distribution, etc | 2001 |
| 300 ## - PHYSICAL DESCRIPTION | |
| Extent | 489 p. : |
| Other physical details | ill., forms ; |
| Dimensions | 25 cm. |
| 490 0# - Series Statement | |
| Series statement | McGraw-Hill series in construction engineering and project management |
| -- | 23101 |
| 500 ## - GENERAL NOTE | |
| General note | Includes index. |
| 505 0# - FORMATTED CONTENTS NOTE | |
| Formatted contents note | Description of the construction industry -- Construction contracting methods -- The nature of contracts -- Issues concerning real property -- Agents -- Forms of organizations -- Contract disputes and torts -- Surety bonds -- The bidding phase -- Construction contract documents -- Unit price, cost-plus, and lump sum contracts -- Changes -- Changed conditions -- Matters of time -- Payments -- Warranty -- Construction insurance -- Subcontractors and subcontracts -- International construction contracts -- Methods of dispute resolution -- Professional ethics -- Construction safety -- Labor relations in construction. |
| 650 #0 - SUBJECT ADDED ENTRY--TOPICAL TERM | |
| Topical term or geographic name as entry element | Construction contracts |
| Geographic subdivision | United States. |
| 9 (RLIN) | 23102 |
| 653 ## - INDEX TERM--UNCONTROLLED | |
| Resource For college | |
| Arrived date list | April2011 |
| 942 ## - ADDED ENTRY ELEMENTS (KOHA) | |
| Source of classification or shelving scheme | Dewey Decimal Classification |
| Item type | Book - Borrowing |
| Withdrawn status | Item status | Source of classification or shelving scheme | Damaged status | Not for loan | Vendor | Home library | Current library | Shelving location | Date acquired | Source of acquisition | Cost, normal purchase price | Serial Enumeration / chronology | Total Checkouts | Total Renewals | Full call number | Barcode | Date last seen | Date last borrowed | Koha item type |
|---|---|---|---|---|---|---|---|---|---|---|---|---|---|---|---|---|---|---|---|
| Dewey Decimal Classification | Baccah | Central Library | Central Library | First floor | 17/04/2011 | 224.00 | 12085 | 6 | 30 | 692.8 HIN | 000023222 | 15/07/2025 | 23/12/2024 | Book - Borrowing |